Responses for Show #1300 - Friday, April 6, 1990

Contestants

[<< previous game]

Ed Borasky, a supercomputer programmer from Aloha, Oregon

Anne King, a public relations director from Cambridge, Maryland

Joel Goldberg, a CPA and financial officer from Fort Lee, New Jersey (whose 4-day cash winnings total $33,001)

[next game >>]

Jeopardy! Round responses

U.S. GEOGRAPHY
ODD JOBS
ANIMALS
QUOTES
FOOD & DRINK
NICKNAMES
    $100 19
Missouri River

Ed
    $100 26
telegrapher

Ed
    $100 15
ladybug/ladybird beetle

Ed
    $100 11
err

Joel
    $100 6
Asia

Ed
    $100 1
Dizzy Dean

Joel
    $200 20
(Ed: What is the Great Basin?)

Great Plains

JoelEd
    $200 27
prognosticator

Joel
    $200 16
pigeons

Ed
    $200 12
hope

Ed
    $200 7
(Ed: What is a pepper?)

pineapple

JoelEd
    $200 2
Gabby Hayes

Anne
    $300 21
(Joel: What is Hawaii?)
(Ed: What is Florida?)

California

JoelEd
Triple Stumper
    $300 28
codes

Anne
    $300 17
mollusks

Ed
    $900 13
(Ed: What is in the legislature?)

at the top

Ed
    $300 8
brut

Ed
    $300 3
Dick Clark

Anne
    $400 22
Chesapeake Bay

Joel
    $400 29
wine

Joel
    $400 18
Daddy Longlegs

Joel
    $400 14
war

Ed
    $400 9
Waldorf Salad

Ed
    $400 4
Admiral David Farragut

Triple Stumper
    $500 23
Alleghenies

Anne
    $500 30
having something moved (or hauled by cart in the old days)

Ed
    $500 25
whale

Ed
    $500 24
(Alex: A minute to go in the round.)

alone

Ed
    $500 10
bouillon

Ed
    $500 5
David Merrick

Ed

Scores at the first commercial break (after clue 14):

Joel Anne Ed
$400 $500 $1,300

Scores at the end of the Jeopardy! Round:

Joel Anne Ed
$1,700 $1,300 $3,100

Double Jeopardy! Round responses

BOOKS OF THE '80S
SWITZERLAND
THE AMERICAN REVOLUTION
CINEMA
MYTHS & LEGENDS
ART & DESIGN
    $200 1
Attila

Ed
    $200 2
German

Ed
    $200 3
(Ed: What is the Massachusetts Tea Co.?)

East India Company

Ed
Triple Stumper
    $200 4
High Sierra & Treasure of the Sierra Madre

Joel
    $200 9
Zeus

Ed
    $200 18
art nouveau

Ed
    $1,000 14
Ireland

Anne
    $400 22
military service

Ed
    $400 21
Thomas Paine

Ed
    $400 5
The Killing Fields

Joel
    $400 10
(Anne: Who was Neptune?)
(Ed: Who was Triton?)

Poseidon

JoelAnneEd
    $400 19
portico

Anne
    $600 15
(Joel: Who is Dashiell Hammett?)

Raymond Chandler

Joel
Triple Stumper
    $1,000 23
Edelweiss

Ed
    $600 24
(Alex: We have a minute left in the round.)

Lord Cornwallis

Joel
    $600 6
The Wizard of Oz

Ed
    $600 11
the Furies

Ed
    $600 20
Pieta

Ed
    $800 16
Bonfire of the Vanities

Anne
    $800 25
William Dawes

Triple Stumper
    $800 7
a dirty glass

Ed
    $800 12
Castor & Pollux

Anne
    $800 27
prie-dieu

Anne
    $1000 17
(Ed: Who are Amundsen & Peary?)

Frederick Cook & Robert Peary

Ed
Triple Stumper
    $1000 26
Carpenters' Hall

Triple Stumper
    $1000 8
North By Northwest

Joel
    $1000 13
Diana

Anne
    $1000 28
[end-of-round signal sounds]

Seagram's Building/Tower

Ed

Scores at the end of the Double Jeopardy! Round:

Joel Anne Ed
$3,700 $5,700 $7,700

[wagering suggestions for these scores]

Final Jeopardy! Round responses

MONEY
(Alex: That's a pretty good subject, especially for our champion--he's won lots of it.)
JoelWhat is Portugal
$3,700
AnneWhat is Phil....
$5,700
EdWhat is Panama?
$3,701
Panama

Final scores:

Joel Anne Ed
$0 $0 $11,401
3rd place: Fredrick Ramond Lamp 2nd place: Keller Bedroom Furniture New champion: $11,401

Game dynamics:

Coryat scores:

Joel Anne Ed
$3,700 $5,100 $8,200
13 R,
2 W
10 R
(including 1 DD),
1 W
27 R
(including 1 DD),
7 W
(including 1 DD)

Combined Coryat: $17,000

[game clues] [game scores] [suggest correction]

Game tape date: 1989-11-13
The J! Archive is created by fans, for fans. Scraping, republication, monetization, and malicious use prohibited; this site may use cookies and collect identifying information. See terms. The Jeopardy! game show and all elements thereof, including but not limited to copyright and trademark thereto, are the property of Jeopardy Productions, Inc. and are protected under law. This website is not affiliated with, sponsored by, or operated by Jeopardy Productions, Inc. Join the discussion at JBoard.tv.